100 Two-Word Phrase Chain - Statistics

General Stats
  • This quiz has been taken 14 times
  • The average score is 37 of 100
Answer Stats
Hint Answer % Correct
A gem associated with a person’s month of origin. birth stone
89%
Prehistoric period characterized by primitive tools. stone age
78%
A buzzing high-rise full of honey-makers. bee hive
67%
Royalty runs through these veins. blue blood
67%
The busiest bug in the hive. worker bee
67%
Something that has existed or persisted for a very long time. age old
56%
When the crowd becomes part of the show. audience participation
56%
A pale shade often associated with infant boys. baby blue
56%
A silent, lung-powered projectile, often tipped with something sneaky. blow dart
56%
A circular target for bar games and friendly competition. dart board
56%
Where your pup (or you, after a fight) sleeps. dog house
56%
Extra earnings for risky work conditions. hazard pay
56%
Pre-recorded audience reactions used in entertainment. laugh track
56%
A hit below the belt—figuratively or literally. low blow
56%
Information that is no longer relevant. old news
56%
A prize just for showing up. participation trophy
56%
A structured system for determining wages. pay scale
56%
A luxury where food magically appears at your hotel door (for a price). room service
56%
A documented history of past performance. track record
56%
Where champions display their bling. trophy case
56%
A social gathering for viewing content together. watch party
56%
Golfer’s worst nightmare, right next to the sand trap. water hazard
56%
A toxic herbicide with a deadly past. Agent Orange
44%
A child born that secures legal residency or citizenship for parents. anchor baby
44%
An online marketplace for software downloads. app store
44%
A prolonged period of declining stock prices. bear market
44%
Love hurts. broken heart
44%
A deep dive into one specific situation. case study
44%
A solution used for removing dirt, or sanitizing. cleaning agent
44%
A private space for changing outfits. dressing room
44%
This content has been deemed safe for all ages. general audience
44%
A one-way door for blood flow. heart valve
44%
Child delivery occurring outside a medical facility. home birth
44%
Successfully potty-trained. house broken
44%
The fastest velocity in a vacuum. light speed
44%
Fancy bottled refreshment, straight from the earth. mineral water
44%
A person who presents stories on television. news anchor
44%
A fragrant sign of citrus in bloom. orange blossom
44%
The last one dancing, every time. party animal
44%
The smallest measurement ever noted for a category. record low
44%
Love at first sight. Or at least first five minutes. speed dating
44%
The removal of debris from roadways. street cleaning
44%
Trips over air and spills everything. accident prone
33%
An anatomical souvenir from one too many pints. beer belly
33%
A deep, hearty expression of amusement. belly laugh
33%
A substance applied for improved surface traction. board wax
33%
A method pairing individuals for mutual accountability. buddy system
33%
A structure enabling wireless communication. cell tower
33%
A public roadway within an urban area. city street
33%
Loves to be in charge, a bit too much. control freak
33%
A neighborhood group keeping an eye out. crime watch
33%
Cupid goes digital. dating app
33%
How much a country spends on protection. defense budget
33%
A bizarre mishap nobody saw coming. freak accident
33%
Offenses committed with a firearm. gun crime
33%
A small, easily carried firearm designed for close-range use. hand gun
33%
A collective intelligence formed by group thinking. hive mind
33%
A public space for commerce and events. market square
33%
The manipulation of thoughts or behaviors. mind control
33%
A frothy fountain favorite that’s totally kid-friendly. root beer
33%
A flavored sauce for leafy greens. salad dressing
33%
A violent attack in an educational setting. school shooting
33%
A sector focused on providing non-physical goods. service industry
33%
Make a wish! shooting star
33%
A number that, when multiplied by itself, equals a given value. square root
33%
A tropical yellow-green produce with ridged edges. star fruit
33%
A biological unit capable of developing into various forms. stem cell
33%
A friend who helps you cram for the test. study buddy
33%
A genre of game where you strategically place obstacles to stop invaders. tower defense
33%
A small cylindrical part controlling air or liquid flow. valve stem
33%
A person compensated based on hours. wage worker
33%
Where famous people stand perfectly still, forever. wax museum
33%
A safe haven for rescued or endangered wildlife. animal sanctuary
22%
When there’s more spending than savings. budget crisis
22%
Actions taken to handle an emergency. crisis response
22%
A colorful mix of nature’s candy. fruit salad
22%
An institution for early childhood education. grade school
22%
A four-legged helper for those who need it most. guide dog
22%
A small bulb signaling status changes. indicator light
22%
A widely accepted guideline in a profession. industry standard
22%
A high-ranking official overseeing compliance. Inspector General
22%
Instruction for leadership roles. management training
22%
The prettiest house on the block, but nobody lives there. model home
22%
An item of exceptionally high quality. museum grade
22%
A horizontal bodily posture facing downward. prone position
22%
A municipality where local policies limit cooperation with federal immigration laws. sanctuary city
22%
Tiny version of something big, but just as detailed. scale model
22%
The typical rate for a specific job. standard wage
22%
The administration of a retail location. store management
22%
A manual for learning specific skills training guide
22%
The masterminds behind your skyline. architecture firm
11%
The circulating reserve of a vital fluid. blood supply
11%
Checks if your walls won’t fall down. building inspector
11%
A terrifying Australian myth (watch the trees!). drop bear
11%
A strong and steady grip or leadership style. firm hand
11%
A device showing the location of something. position indicator
11%
The first ones to show up to that emergency. response team
11%
A delivery of necessary provisions, often in emergencies. supply drop
11%
The structure of a complex technological design. system architecture
11%
Work retreats, trust falls, and awkward icebreakers. team building
11%
No matching quizzes found
Score Distribution
Percent of People with Each Score
Percentile by Number Answered
Your Score History
You have not taken this quiz